000 00599nam a2200217Ia 4500
005 20230630120146.0
008 131103s9999 xx 000 0 und d
040 _aLoreto College
041 _aEnglish
082 _a942.08
_bHOV
100 _aHovell, Mark
245 4 _aThe chartist movement
_cMark Hovell; edited by T F Tout
260 _aManchester
_bAt the University Press
_c1925
300 _axxxvii,327p.
504 _aIncludes bibliographical references & index
650 _aHistory
651 _aEngland - History
700 _aTout, T F; ed.
850 _aLCLIB
942 _cBK
999 _c25051
_d75530